UBT Library

Nurses' drug guide. (Record no. 42188)

000 -LEADER
fixed length control field 01478cas a2200445 a 4500
001 - CONTROL NUMBER
control field 11442129
005 - DATE AND TIME OF LATEST TRANSACTION
control field 20180208093827.0
007 - PHYSICAL DESCRIPTION FIXED FIELD--GENERAL INFORMATION
fixed length control field cj uau
008 - FIXED-LENGTH DATA ELEMENTS--GENERAL INFORMATION
fixed length control field 920513d19932000ctuar f 0 a0eng c
010 ## - LIBRARY OF CONGRESS CONTROL NUMBER
LC control number 94655108
Canceled/invalid LC control number sn 92002600
016 7# - NATIONAL BIBLIOGRAPHIC AGENCY CONTROL NUMBER
Record control number 9315327
Source DNLM
016 7# - NATIONAL BIBLIOGRAPHIC AGENCY CONTROL NUMBER
Record control number SR0077487
Source DNLM
022 0# - INTERNATIONAL STANDARD SERIAL NUMBER
International Standard Serial Number 1062-9092
Source 1
035 ## - SYSTEM CONTROL NUMBER
System control number (OCoLC)ocm25805753
037 ## - SOURCE OF ACQUISITION
Source of stock number/acquisition Appleton & Lange, 25 Van Zant St., East Norwalk, CT 06855
040 ## - CATALOGING SOURCE
Original cataloging agency NSDP
Language of cataloging eng
Transcribing agency NSDP
Modifying agency DNLM
-- DLC
-- MiU
-- OCoLC
-- NBuU-H
-- DLC
-- DNLM
-- InU
-- OCoLC
-- OCLCF
-- OCLCO
-- OCoLC
041 ## - LANGUAGE CODE
Language code of text/sound track or separate title eng
042 ## - AUTHENTICATION CODE
Authentication code nsdp
-- pcc
060 00 - NATIONAL LIBRARY OF MEDICINE CALL NUMBER
Classification number QV 39
Item number N9732
080 ## - UNIVERSAL DECIMAL CLASSIFICATION NUMBER
Universal Decimal Classification number 615.1 AMY
082 00 - DEWEY DECIMAL CLASSIFICATION NUMBER
Classification number 615.1 AMY
Edition number 20
100 ## - Rafti
Rafti 2
101 ## - Shkurtesa
Shkurtesa NUR
210 0# - ABBREVIATED TITLE
Abbreviated title Nurses' drug guide
222 #0 - KEY TITLE
Key title Nurses' drug guide
245 00 - TITLE STATEMENT
Title Nurses' drug guide.
246 30 - VARYING FORM OF TITLE
Title proper/short title Govoni and Hayes nurses' drug guide
246 30 - VARYING FORM OF TITLE
Title proper/short title Govoni and Hayes, Wilson and Shannon nurses' drug guide
246 14 - VARYING FORM OF TITLE
Title proper/short title Govoni & Hayes nurses' drug guide
246 18 - VARYING FORM OF TITLE
Title proper/short title Govoni & Hayes, Wilson & Shannon nurses' drug guide
310 ## - CURRENT PUBLICATION FREQUENCY
Current publication frequency Annual
362 0# - DATES OF PUBLICATION AND/OR SEQUENTIAL DESIGNATION
Dates of publication and/or sequential designation 1993-2000.
590 ## - LOCAL NOTE (RLIN)
Local note SERBIB/SERLOC merged record
776 08 - ADDITIONAL PHYSICAL FORM ENTRY
Display text Online version:
Title Nurses' drug guide
Record control number (OCoLC)605309919
776 08 - ADDITIONAL PHYSICAL FORM ENTRY
Display text Online version:
Title Nurses' drug guide
Record control number (OCoLC)608436615
785 00 - SUCCEEDING ENTRY
Title Prentice Hall nursing drug guide
Record control number (DLC) 2001205504
-- (OCoLC)44872977
906 ## - LOCAL DATA ELEMENT F, LDF (RLIN)
a 7
b cbc
c serials
d u
e ncip
f 19
g n-oclcserc
942 ## - ADDED ENTRY ELEMENTS (KOHA)
Source of classification or shelving scheme
Item type Books
Holdings
Withdrawn status Lost status Source of classification or shelving scheme Damaged status Not for loan Collection code Permanent location Current location Shelving location Date acquired Total Checkouts Full call number Barcode Date last seen Price effective from Koha item type
          Koleksioni i përgjithshem UBT - Lipjan UBT - Lipjan Koleksioni i përgjithshem 02/08/2018   615.1 AMY 002-2998860 02/08/2018 02/08/2018 Books
UBT Library © 2015-2024. All rights reserved University Education for Business and Technology